| 000 | 004170000a22001690004500 | ||
|---|---|---|---|
| 003 | MACL | ||
| 005 | 20260415132938.0 | ||
| 008 | 151220b xxu||||| |||| 00| 0 eng d | ||
| 040 |
_aMACL _cMACL |
||
| 041 | _aEnglish | ||
| 082 | _a641/WHE | ||
| 100 |
_aWheeler, Steven _921705 |
||
| 245 | _aMushroom Cookbook | ||
| 260 |
_bSelastian Kelly _c1999 _aSingapore |
||
| 650 |
_aFood & Drinks _96521 |
||
| 942 |
_cBK _k641/ _2ddc |
||
| 999 |
_c32737 _d32737 |
||